00352nam a2200133Ia 4500003000400000005001700004008004100021040001800062041000800080100004100088110001500129245005400144260002000198OSt20230530143415.0211028s2014 xx 000 0 und d cAIMIT LIBRARY aeng aPrabhu, Rashmi; Thomas, C G.e121923 aC G Thomas aEffectiveness of technology in ticket scheduling. aMangalorec2014